| 000 | 00680nam a2200217 a 4500 | ||
|---|---|---|---|
| 001 | BRL_1888 | ||
| 005 | 20190320211423.0 | ||
| 008 | 120815s1939----mx-#######---#000-0#spa-# | ||
| 041 | _aspa | ||
| 044 | _amx | ||
| 050 | 4 |
_aF1230 _b.C76 1939 |
|
| 245 | 1 | 0 |
_aCrónicas de la conquista _cintroducción, selección y notas de Agustín Yáñez. |
| 260 |
_aMéxico _bUniversidad Nacional Autónoma de México _c1939 |
||
| 300 |
_av, 215 p. _c21 cm. |
||
| 440 | 0 |
_aBiblioteca del estudiante universitario _v2 _928160 |
|
| 500 | _aAu1903 | ||
| 651 | 4 |
_aMéxico _xHistoria _yConquista, 1519-1540 _9442 |
|
| 700 | 1 |
_aYáñez, Agustín _d1904-1980 _928161 |
|
| 902 | _aGRL | ||
| 942 |
_2lcc _cB |
||
| 999 |
_c10696 _d10696 |
||